000 00695nam a22001937a 4500
999 _c192195
_d192195
005 20220915112319.0
010 _aENG-135059
020 _a9788193376119
_c250.00
035 _aEN-118591
037 _bDBAD/PUB
082 _a303.609541
100 _aFernandes, Walter
245 _aJournals of Dispute:
_bMedia Coverage of Conflilcts in the Northeast/
_cWalter Fernandes and Bhaswati Borgohain
260 _aGuwahati
_bNorth Eastern Social Research Centre
_c2017
270 _aJagriti 2nd Floor, GMCH Road, Christian Basti
_bGuwahati
_e781005
_mnesrcghy@gmail.com
300 _aviii, 199p.
_c21cm(pbk)
700 _aBorgohain, Bhaswati
942 _2ddc
_cEN
_h303.609541
_mFER